000 00503nam a2200169Ia 4500
999 _c27442
_d27442
003 OSt
005 20201203112655.0
008 190216s9999||||xx |||||||||||||| ||und||
040 _coclc
082 _a894.8123
_bRAD/A
100 _aRadhakrishnan, Kiliroor
_96842
245 0 _aArumallathavar /
_cKiliroor Radhakrishnan
260 _bPoorna Publications,
_c1997.
_aKozhikode:
300 _a196p
650 _aMalayalam Novel
942 _cBK
_2ddc
_h894.8123
_iRAD/A
_k894.8123
_mRAD/A